00355nam a2200145Ia 4500008004100000020001800041041000800059082001800067100001500085245002300100260004000123300001600163365001200179650001800191210719s2002 xx 000 0 und d a81-7371-212-3 aeng a512.7KAK MAOS aMAOR (Eli) aStory of a number. aHyderabadbUniversities Pressc2002 axiv,227bPB b175cRs aNumber Theory